000 01861nam0a2200373 4500
001 RU\NLR\BIBL_A\022485352
005 20260409074432.0
010 _a978-5-6050065-3-4
_9126
035 _a(NLR Aleph) 022485352
090 _a13378814
_c13378814
100 _a20250312d2024 |||y0rusy50 ca
101 0 _aeng
102 _aRU
105 _aac z 101yy
181 0 _ai3
_baxxe
182 0 _an
200 1 _aThe Eighth International workshop on electromagnetic properties of novel materials, [EMPNM VIII], Moscow, Russia 26-30 August, 2024
_eproceedings
_fSkolkovo institute of science and technology
203 _aТекст
_bвизуальный
_cнепосредственный
210 _a[Moscow
_cSkolkovo institute of science and technology]
_d2024
215 _a145 с.
_cил., цв. ил., портр.
_d30
300 _aНа обл. подзаг.: book of abstracts
320 _aБиблиогр. в конце ст.
320 _aУказ.: с. 143-144
541 1 _aВосьмой международный семинар по электромагнитным свойствам новых материалов [EMPNM VIII], Москва, Россия, 26-30 августа 2024 г.
606 _aНанокристаллические материалы
_jСъезды, совещания и т.п
_3RU\NLR\AUTH\661292691
_92145586
606 _aМатериалы
_xЭлектромагнитные свойства
_jСъезды, совещания и т.п
_3RU\NLR\AUTH\6601753730
_92665703
686 1 _aЖ306.33я431(0)
686 1 _aЖ366я431(0)
710 1 2 _8eng
_aInternational workshop on electromagnetic properties of novel materials
_d8
_f2024
_eMoscow
_7ba
_3RU\NLR\AUTH\880625916
_92658284
942 _cBOOK
980 _aNB